ANAGRAMMA CAPITALI EUROPEE - Statistics

Statistiche generali
  • Questo quiz è stato fatto 166 volte
  • Il punteggio medio è 34 su 40
Statistiche sulle risposte
Hint Risposta % Corretto
VKEI KIEV
98%
ARNBE BERNA
97%
EXLRUELSB BRUXELLES
96%
AFOSI SOFIA
96%
AMRO ROMA
95%
ARAGP PRAGA
94%
NEANIV VIENNA
94%
KMISN MINSK
92%
GAIR RIGA
92%
SRAVTALIAB BRATISLAVA
90%
NORDAL LONDRA
90%
RIDMDA MADRID
90%
LOOS OSLO
90%
PIRIGA PARIGI
90%
TASOCLOCM STOCCOLMA
90%
RAGIAAZB ZAGABRIA
90%
KELIHISN HELSINKI
89%
COSAM MOSCA
89%
MERDATASM AMSTERDAM
87%
DUBEPATS BUDAPEST
87%
BISOLNA LISBONA
87%
LILANT TALLIN
85%
SRIVAVAA VARSAVIA
85%
NECHEPOGAN COPENAGHEN
84%
LUBONID DUBLINO
84%
TANEE ATENE
83%
NULBIAA LUBIANA
83%
PEKOSJ SKOPJE
83%
UTSBCRAE BUCAREST
82%
ZADVU VADUZ
80%
SULNVII VILNIUS
80%
GODCAPORI PODGORICA
79%
VAASJROE SARAJEVO
78%
ALLVTETAAL LA VALLETTA
77%
NIBRELO BERLINO
75%
BSOURGUMESL LUSSEMBURGO
75%
KERYJAIVK REYKJAVIK
73%
IUIHSACN CHISINAU
72%
GOBRELDA BELGRADO
71%
TISIRANP PRISTINA
66%
Nessun quiz corrispondente trovato
Distribuzione punteggi
Percentuale di utenti per punteggio
Percentile per numero di risposta
I tuoi punteggi nel tempo
Non hai fatto questo quiz